Regionálne aspekty transformácie ekonomiky SR do EÚ

Guardado en:
Detalles Bibliográficos
Autor principal: Staneková, Eva
Formato: Capítulo de libro
Lenguaje:eslovaco
Etiquetas: Agregar Etiqueta
Sin Etiquetas, Sea el primero en etiquetar este registro!

MARC

LEADER 00000naa$a2200000$$$4500
001 0116268
005 20240502072309.6
041 0 |a slo 
044 |a SK 
245 1 0 |a Regionálne aspekty transformácie ekonomiky SR do EÚ  |c Eva Staneková 
100 1 |a Staneková, Eva